[Event "Paula Cassemiro"]
[Site "http://www.queenalice.com/game.php?id=1777075"]
[Date "2021.12.13"]
[Round "-"]
[White "Scaracioli"]
[Black "zubarev"]
[Result "1/2-1/2"]
[WhiteElo "1619"]
[BlackElo "1778"]

1. e4 e5 2. Nf3 Nc6 3. d4 exd4 4. Nxd4 Nge7 5. Bb5 Nxd4 6. Qxd4 Ng6 7. Nc3 Qf6
8. Qxf6 gxf6 9. O-O Be7 10. f4 c6 11. Be2 O-O 12. f5 Ne5 13. g4 b6 14. Bh6 Re8
15. h3 Bf8 16. Bxf8 Rxf8 17. Rad1 Bb7 18. b4 a5 19. a3 axb4 20. axb4 Ba6 21.
Bxa6 Rxa6 22. b5 cxb5 23. Nxb5 Ra2 24. Rf2 Rc8 25. Rdd2 Rc4 26. Nd6 Rc3 27. Kg2
Rb2 28. Ne8 Rc6 29. c3 Rxd2 30. Rxd2 Rxc3 31. Nd6 Rd3 32. Nc4 Rxd2+ 33. Nxd2 Kf8
34. Kg3 b5 35. Nb3 Ke7 36. Kf4 Kd6 37. Ke3 Kc6 38. Kd4 b4 39. Nc5 d6 40. Nd3 Kb5
41. Nb2 Nf3+ 42. Kd5 b3 43. Kxd6 Kb4 44. Ke7 Kc3 45. Na4+ Kb4 46. Nb2 Ka3 47.
Nc4+ Kb4 48. Nb2 Kc3 49. Na4+ Kb4 50. Nb2 1/2-1/2

[Event "Challenge"]
[Site "http://www.queenalice.com/game.php?id=1777128"]
[Date "2021.12.13"]
[Round "-"]
[White "Scaracioli"]
[Black "jw16js"]
[Result "0-1"]
[WhiteElo "1670"]
[BlackElo "1522"]

1. e4 e5 2. Nf3 Nc6 3. d4 d6 4. d5 Nce7 5. Be2 h6 6. c4 Nf6 7. Bd3 g5 8. h3 Bg7
9. Be3 Nh5 10. Nxg5 hxg5 11. Bxg5 f6 12. Be3 b6 13. b4 Ba6 14. b5 Bc8 15. Be2
Nf4 16. Bxf4 exf4 17. Bf3 Bh6 18. Nc3 f5 19. Bh5+ Kd7 20. exf5 Nxf5 21. Bg4 Qg5
22. Ne4 Qg6 23. Qd3 Ke7 24. O-O Nh4 25. a4 Bxg4 26. Ra3 Bf5 27. g3 Bxe4 28. Qd2
Nf3+ 0-1

[Event " Myra Estrela"]
[Site "http://www.queenalice.com/game.php?id=1777143"]
[Date "2021.12.14"]
[Round "-"]
[White "zubarev"]
[Black "Scaracioli"]
[Result "1-0"]
[WhiteElo "1781"]
[BlackElo "1629"]

1. d4 d5 2. Nc3 e6 3. Nf3 Bd6 4. e3 Bd7 5. Bd3 c6 6. O-O Qc7 7. h3 Nf6 8. Bd2
O-O 9. Ne2 e5 10. dxe5 Bxe5 11. Nxe5 Qxe5 12. Bc3 Qe7 13. Nf4 Be6 14. Qe2 Nbd7
15. Nxe6 fxe6 16. a3 b6 17. f4 Ne4 18. Bxe4 dxe4 19. Rad1 Rad8 20. Qc4 c5 21.
Qxe4 Nf6 22. Qf3 Rxd1 23. Rxd1 Nd5 24. Be5 g5 25. c4 Nc7 26. Bd6 Qf6 27. Bxf8
Kxf8 28. Qc6 Ne8 29. Qb7 gxf4 30. exf4 Qxb2 31. Qxh7 Qe2 32. Rd7 Qe1+ 33. Kh2
1-0

[Event "Kleiton Matias"]
[Site "http://www.queenalice.com/game.php?id=1777144"]
[Date "2021.12.14"]
[Round "-"]
[White "Scaracioli"]
[Black "zubarev"]
[Result "0-1"]
[WhiteElo "1597"]
[BlackElo "1825"]

1. e4 e5 2. Nf3 Nc6 3. Bb5 d6 4. Bxc6+ bxc6 5. d3 Ba6 6. c4 Be7 7. Nc3 Nf6 8.
Be3 Rb8 9. b3 O-O 10. a4 Ng4 11. h3 Nxe3 12. fxe3 f6 13. Na2 Qc8 14. d4 exd4 15.
exd4 Qb7 16. Nd2 c5 17. d5 f5 18. O-O Bf6 19. Rb1 Bd4+ 20. Kh1 fxe4 21. Nxe4
Rfe8 22. Qd3 Qc8 23. Rf4 Qd7 24. Rbf1 Qe7 25. h4 Rf8 26. Ng5 g6 27. Nc1 Rxf4 28.
Rxf4 Qe3 29. Rf1 Qxd3 30. Nxd3 Rxb3 31. Ne6 Bg7 32. Nxc7 Bxc4 33. Nc1 Ra3 34.
Re1 Rxa4 35. Re7 Ra1 36. Re1 Bb2 37. Nd3 Bxd3 38. Rxa1 Bxa1 39. Kh2 Be5+ 40. g3
c4 41. Nb5 c3 42. Nxa7 c2 43. Nc6 c1=Q 44. Nxe5 dxe5 45. Kh3 h5 46. g4 Qe3+ 47.
Kg2 Be4+ 48. Kf1 Bxd5 49. g5 Qd2 50. Kg1 Qg2# 0-1

[Event "Matias Jairo Ray RUA!!"]
[Site "http://www.queenalice.com/game.php?id=1777265"]
[Date "2021.12.15"]
[Round "-"]
[White "Scaracioli"]
[Black "zubarev"]
[Result "0-1"]
[WhiteElo "1605"]
[BlackElo "1817"]

1. e4 e5 2. Nf3 Nc6 3. Nc3 Be7 4. d3 Nf6 5. Be2 d6 6. Bg5 O-O 7. h4 Bg4 8. Bxf6
Bxf6 9. g3 Be6 10. Nd5 Ne7 11. Nxf6+ gxf6 12. Qd2 Nc6 13. c3 f5 14. Qh6 f6 15.
b3 Qe7 16. h5 fxe4 17. dxe4 Qg7 18. Qxg7+ Kxg7 19. h6+ Kh8 20. O-O-O f5 21. Ng5
Bd7 22. exf5 Bxf5 23. g4 Bg6 24. Rhf1 Rf6 25. f3 Raf8 26. c4 Nd4 27. Rf2 a5 28.
Bd3 Bxd3 29. Rxd3 Rxh6 30. Ne4 Rh3 31. Ng5 Rh1+ 32. Kd2 h6 33. Ne4 Rh3 34. g5
Rhxf3 35. Rfxf3 Nxf3+ 36. Kc3 Nxg5 37. Nxg5 hxg5 38. Rh3+ Kg7 39. a3 Kg6 40. b4
a4 41. b5 g4 42. Rd3 Rh8 43. Kb4 Rh3 44. Rc3 Rxc3 45. Kxc3 g3 46. Kb4 g2 47.
Kxa4 g1=Q 48. Kb4 Qc5+ 49. Kb3 e4 50. a4 e3 51. a5 e2 52. a6 e1=Q 53. axb7 Qeb4+
0-1

[Event " Aizanberger James"]
[Site "http://www.queenalice.com/game.php?id=1777267"]
[Date "2021.12.15"]
[Round "-"]
[White "Scaracioli"]
[Black "zubarev"]
[Result "0-1"]
[WhiteElo "1590"]
[BlackElo "1791"]

1. e4 e5 2. Nf3 Nc6 3. Bb5 d6 4. Bxc6+ bxc6 5. d4 exd4 6. Qxd4 Nf6 7. Nbd2 Be6
8. O-O Be7 9. c3 O-O 10. b3 Bg4 11. e5 dxe5 12. Nxe5 Qxd4 13. cxd4 Bd7 14. Ndc4
Rad8 15. Nxd7 Rxd7 16. Be3 Re8 17. Ne5 Rd6 18. b4 Nd5 19. Bd2 Nf6 20. Bc3 Nd5
21. Bd2 Bf6 22. f4 Nb6 23. Be3 Nd5 24. a4 Nxe3 25. Rf3 Nf5 26. g4 Nxd4 27. Rd3
Ne2+ 28. Kf2 Nxf4 29. Rxd6 Bxe5 30. Rxc6 Bxa1 31. Rxc7 g5 32. Rxa7 Bd4+ 33. Kf3
Bxa7 34. Kg3 Re3+ 35. Kf2 Rb3+ 36. Ke1 Rb2 37. b5 Kg7 38. Kd1 Kf6 39. Kc1 Rxh2
40. a5 Ke5 41. b6 Bb8 42. a6 Ra2 43. a7 Bxa7 44. bxa7 Rxa7 45. Kd2 Nh3 46. Ke3
Ra3+ 47. Kd2 Ke4 48. Kc2 Kd4 49. Kb2 Rg3 50. Kc2 Rf3 51. Kd2 Rf2+ 52. Ke1 Rb2
53. Kd1 Ke3 54. Kc1 Rg2 55. Kb1 Kd3 56. Ka1 Kc3 57. Kb1 Rf2 0-1

[Event "Challenge"]
[Site "http://www.queenalice.com/game.php?id=1777361"]
[Date "2021.12.16"]
[Round "-"]
[White "Scaracioli"]
[Black "Mr_SPOCK"]
[Result "1-0"]
[WhiteElo "1648"]
[BlackElo "1587"]

1. e4 e5 2. Nf3 Nc6 3. Bb5 Nf6 4. d3 Bc5 5. Bxc6 dxc6 6. h3 h5 7. Nc3 Bb4 8. Bd2
c5 9. a3 Ba5 10. Nxe5 O-O 11. Bg5 b5 12. Nc6 Qe8 13. Nxa5 Bf5 14. Bxf6 Bg6 15.
Bg5 f5 16. O-O Qe5 17. f4 Qd4+ 18. Rf2 a6 19. e5 h4 20. Qd2 Rae8 21. Re1 b4 22.
Nd1 Re6 23. c4 bxc3 24. bxc3 Qa4 25. Nc4 Rb8 26. Bxh4 Rb3 27. Qc1 a5 28. Ra2 Bf7
29. Ree2 Rh6 30. Bg5 Rh5 31. h4 Bxc4 32. dxc4 Qxc4 33. Qc2 g6 34. g3 a4 35. e6
Rb8 36. e7 Re8 37. Ne3 Qa6 38. c4 Kf7 39. Nd5 Qc6 40. Re5 Rh7 41. Qc3 Qb7 42.
Rb2 Qc6 43. Rbe2 Qb7 44. Nf6 Rxe7 45. Nxh7 Qb1+ 46. Kf2 Rd7 47. Re7+ Rxe7 48.
Rxe7+ Kg8 49. Qg7# 1-0

[Event "Challenge"]
[Site "http://www.queenalice.com/game.php?id=1777411"]
[Date "2021.12.16"]
[Round "-"]
[White "milan15fc"]
[Black "Scaracioli"]
[Result "0-1"]
[WhiteElo "1584"]
[BlackElo "1664"]

1. e3 e5 2. d4 e4 3. f3 d5 4. fxe4 dxe4 5. Nc3 Nf6 6. h3 Be6 7. g4 Bd5 8. Bg2 c6
9. g5 Nfd7 10. Qg4 Qe7 11. h4 g6 12. h5 f5 13. Qg3 Bg7 14. h6 Bf8 15. Bd2 Qd8
16. O-O-O Be7 17. Nh3 Nf8 18. Qe5 Rg8 19. Be1 Nbd7 20. Qf4 Ne6 21. Qf1 Nxg5 22.
Nxg5 Bxg5 23. Bf2 b5 24. Nxd5 cxd5 25. Qxb5 Rb8 26. Qxd5 Rf8 27. b3 Rb6 28. c4
Rbf6 29. Bh3 Qe7 30. c5 R8f7 31. Rhg1 Bxh6 32. Rd2 Bg7 33. Qa8+ Qd8 34. Qxa7 Bf8
35. Bh4 Nxc5 36. Bxf6 Qxf6 37. Qb8+ Ke7 38. Qc7+ Nd7 39. Kb1 Qd6 40. Qxd6+ Kxd6
41. Rc1 Ke7 42. d5 Kf6 43. Rc6+ Kg7 44. a4 h5 45. a5 Bb4 46. Ra2 Nc5 47. a6 Ra7
48. Bf1 Nxb3 49. Be2 Be1 50. Rb2 Na5 51. Rcb6 Bf2 52. Rb7+ Nxb7 53. Rxb7+ Rxb7+
54. axb7 Bg3 55. Kc1 h4 56. Bf1 g5 57. Kd1 Bb8 58. Ke2 g4 59. Kf2 Kf6 60. Kg1
Ke5 61. Bh3 gxh3 62. Kh2 Kxd5+ 63. Kxh3 Kc4 64. Kxh4 Kd3 65. Kg5 Kxe3 66. Kxf5
Kf3 67. Ke6 e3 68. Kd7 e2 69. Kc8 Bh2 70. b8=Q Bxb8 71. Kxb8 e1=Q 72. Kc8 Qe7
73. Kb8 Qd6+ 74. Kc8 Ke4 75. Kb7 Kd5 76. Ka7 Qc7+ 77. Ka8 Qc6+ 78. Kb8 Ke6 79.
Ka7 Kd7 80. Kb8 Qb5+ 81. Ka8 Kc7 82. Ka7 Qb7# 0-1

[Event "Challenge"]
[Site "http://www.queenalice.com/game.php?id=1777412"]
[Date "2021.12.16"]
[Round "-"]
[White "milan15fc"]
[Black "Scaracioli"]
[Result "1-0"]
[WhiteElo "1571"]
[BlackElo "1609"]

1. e3 e5 2. d4 e4 3. f3 d5 4. fxe4 dxe4 5. Nc3 Nf6 6. h3 b6 7. g4 Nd5 8. Nxe4
Bb7 9. Bg2 Be7 10. h4 Bxh4+ 11. Nf2 Bg3 12. Rh3 Bd6 13. c4 Ne7 14. Bxb7 Nbc6 15.
Bxa8 Qxa8 16. e4 O-O 17. d5 Ne5 18. Qe2 N7g6 19. g5 c6 20. Qh5 f6 21. Qxh7+ Kf7
22. gxf6 Kxf6 23. Rg3 Rh8 24. Ng4+ Nxg4 25. Rf3+ Nf4 26. Qf5+ Ke7 27. Qxg4 g5
28. Qxg5+ Kd7 29. Bxf4 Rg8 30. Qf5+ Kc7 31. Rf1 Bxf4 32. Qxf4+ Kb7 33. dxc6+
Kxc6 34. Qf6+ Kb7 35. Qe7+ Ka6 36. O-O-O Re8 37. Qa3+ Kb7 38. Rd7+ Kc8 39. Qd6
Qb8 40. Qc6+ 1-0

[Event "Challenge"]
[Site "http://www.queenalice.com/game.php?id=1777413"]
[Date "2021.12.16"]
[Round "-"]
[White "milan15fc"]
[Black "Scaracioli"]
[Result "0-1"]
[WhiteElo "1583"]
[BlackElo "1608"]

1. e3 e5 2. Bc4 Nf6 3. f3 d5 4. Bd3 e4 5. fxe4 dxe4 6. Bc4 b6 7. h3 Bb7 8. Nc3
Bb4 9. a3 Bxc3 10. dxc3 Qxd1+ 11. Kxd1 Nbd7 12. Bd2 O-O 13. g4 Ne5 14. Be2 c5
15. c4 Ne8 16. Bc3 f6 17. h4 h6 18. g5 fxg5 19. hxg5 Nf7 20. g6 Nh8 21. Bh5 Nd6
22. Be2 Nxg6 23. Kd2 Ba6 24. b3 Rf2 25. Nh3 Rff8 26. Rhg1 Kh7 27. Raf1 Bb7 28.
Rxf8 Rxf8 29. Rf1 Rxf1 30. Bxf1 Bc8 31. Bg2 Bf5 32. b4 Nxc4+ 33. Kd1 Nxe3+ 34.
Kc1 Nxg2 35. bxc5 bxc5 36. Ng1 N6f4 37. Be5 e3 38. Bxf4 Nxf4 39. Nf3 g5 40. c3
Kg6 41. Ne1 Be4 42. Kd1 h5 43. Nc2 Bxc2+ 44. Kxc2 h4 45. Kd1 g4 46. Ke1 Kf5 47.
Kf1 Ke4 48. Kg1 h3 49. Kh2 e2 50. Kg3 e1=Q+ 51. Kxg4 h2 52. Kg5 h1=Q 53. c4
Qeg1+ 54. Kf6 Qh6+ 55. Ke7 Qgg7+ 56. Kd8 Qhh8# 0-1

[Event "Challenge"]
[Site "http://www.queenalice.com/game.php?id=1777800"]
[Date "2021.12.20"]
[Round "-"]
[White "Scaracioli"]
[Black "Givanildo"]
[Result "1-0"]
[WhiteElo "1662"]
[BlackElo "1660"]

1. e4 d5 2. e5 Bf5 3. d4 e6 4. h4 h5 5. Bd3 Bb4+ 6. c3 Ba5 7. b4 Bb6 8. Bxf5
exf5 9. Qe2 Ne7 10. a4 a6 11. Bb2 Nbc6 12. a5 Ba7 13. Nf3 Ng6 14. g3 f4 15. Bc1
fxg3 16. fxg3 Qe7 17. Bg5 f6 18. exf6 Qxe2+ 19. Kxe2 Kf7 20. Re1 b6 21. Nbd2
bxa5 22. bxa5 Rab8 23. Kf2 Rb3 24. Nxb3 gxf6 25. Be3 Nce7 26. Nc5 Nf5 27. Nxa6
Nxe3 28. Rxe3 Rc8 29. Rae1 c5 30. Nxc5 Rc6 31. Ne6 Bb8 32. Nd8+ 1-0

[Event "Challenge"]
[Site "http://www.queenalice.com/game.php?id=1777802"]
[Date "2021.12.20"]
[Round "-"]
[White "Scaracioli"]
[Black "charles31"]
[Result "1-0"]
[WhiteElo "1677"]
[BlackElo "1615"]

1. e4 e5 2. Nf3 Bb4 3. Nxe5 Nf6 4. c3 Ba5 5. d3 d6 6. Nc4 Bg4 7. f3 Bxf3 8. Qxf3
Nc6 9. Bg5 h6 10. Bxf6 Qxf6 11. Qxf6 gxf6 12. Nbd2 O-O-O 13. g3 Bb6 14. Nxb6+
axb6 15. Bh3+ Kb8 16. b4 Ne5 17. Bf1 d5 18. d4 Nc4 19. Nxc4 dxc4 20. Bxc4 Rhe8
21. O-O Rxe4 22. Rxf6 Rd7 23. Raf1 c6 24. Bxf7 Kc7 25. Be8 Rde7 26. Bg6 Re3 27.
Rf7 Kd6 28. Rxe7 Rxe7 29. Rf6+ Kc7 30. Rf7 1-0

[Event "Challenge"]
[Site "http://www.queenalice.com/game.php?id=1777803"]
[Date "2021.12.20"]
[Round "-"]
[White "charles31"]
[Black "Scaracioli"]
[Result "1-0"]
[WhiteElo "1578"]
[BlackElo "1691"]

1. e4 e5 2. a3 Nf6 3. d3 Be7 4. h3 d6 5. Nf3 b6 6. Bg5 Bb7 7. Bxf6 Bxf6 8. Nc3
c6 9. Be2 Nd7 10. Qd2 d5 11. exd5 cxd5 12. Nb5 O-O 13. Nd6 Qc7 14. Nxb7 Qxb7 15.
g4 e4 16. dxe4 dxe4 17. Nd4 Rad8 18. O-O-O Nc5 19. Qb4 Qd5 20. Bc4 Qd7 21. Nf5
Qc7 22. Rxd8 Rxd8 23. Kb1 a5 24. Qe1 Qe5 25. Qc1 g6 26. Nh6+ Kg7 27. Nxf7 Qd4
28. Nxd8 Qxd8 29. f4 exf3 30. Rf1 Qa8 31. g5 Be7 32. Qe3 Ne4 33. Ka2 Qc6 34.
Qd4+ Kf8 35. Rxf3+ Ke8 36. Bf7+ Kf8 37. Bd5+ 1-0

[Event "Challenge"]
[Site "http://www.queenalice.com/game.php?id=1777978"]
[Date "2021.12.22"]
[Round "-"]
[White "Mr_SPOCK"]
[Black "Scaracioli"]
[Result "1-0"]
[WhiteElo "1586"]
[BlackElo "1567"]

1. e4 e5 2. Nf3 d6 3. Nc3 Be6 4. Bb5+ c6 5. Ba4 b5 6. Bb3 Bxb3 7. cxb3 Be7 8. b4
Nf6 9. d4 Nbd7 10. d5 cxd5 11. exd5 Nb6 12. O-O a6 13. Bg5 Ra7 14. Qd3 Qa8 15.
a4 Nbxd5 16. a5 Nxb4 17. Qf5 Nc6 18. Bh4 Qd8 19. Rfd1 Rd7 20. Qg5 O-O 21. Qf5 g6
22. Qg5 Ne4 23. Qh6 Nxc3 24. Re1 Nd5 25. Rad1 Nf6 26. h3 Nd4 27. Ng5 Nf5 28.
Nxf7 Rxf7 29. Qg5 Nh5 30. Qd2 Bxh4 31. g4 Nf4 32. gxf5 Rxf5 33. Re3 1-0

[Event "Let's Play Chess!"]
[Site "http://www.queenalice.com/game.php?id=1778840"]
[Date "2021.12.31"]
[Round "-"]
[White "Scaracioli"]
[Black "alterego"]
[Result "0-1"]
[WhiteElo "1525"]
[BlackElo "1625"]

1. e4 c5 2. c3 e5 3. Nf3 Nc6 4. d3 d6 5. Be3 h6 6. b3 Nf6 7. Be2 Ng4 8. Bf1 Nxe3
9. fxe3 Bg4 10. Be2 Be7 11. Nbd2 O-O 12. Nf1 Bxf3 0-1

[Event "Let's Play Chess!"]
[Site "http://www.queenalice.com/game.php?id=1778842"]
[Date "2021.12.31"]
[Round "-"]
[White "alterego"]
[Black "Scaracioli"]
[Result "1-0"]
[WhiteElo "1612"]
[BlackElo "1538"]

1. d4 d5 2. Nf3 Bg4 3. Qd3 g6 4. g3 Bg7 5. Bg2 c6 6. O-O Nf6 7. Ne5 Be6 8. Bg5
Nbd7 9. Nc3 Nxe5 10. dxe5 Nd7 11. f4 Bf5 12. e4 1-0